Countries Green Day has Visited - Statistics

General Stats
  • This quiz has been taken 13 times
  • The average score is 41 of 45
Answer Stats
Continent Country % Correct
Oceania Australia
100%
Europe Belgium
100%
South America Brazil
100%
North America Canada
100%
Asia China
100%
Europe Denmark
100%
Europe Estonia
100%
Europe Finland
100%
Europe France
100%
Europe Germany
100%
Asia India
100%
Asia Japan
100%
North America Mexico
100%
Europe Netherlands
100%
Asia/ Europe Russia
100%
Europe Spain
100%
Europe United Kingdom
100%
South America Argentina
92%
Europe Austria
92%
South America Chile
92%
South America Colombia
92%
Europe Czech Republic
92%
Europe Greece
92%
Europe Hungary
92%
Asia Indonesia
92%
Europe Norway
92%
Europe Poland
92%
Europe Portugal
92%
Europe Slovenia
92%
Europe Sweden
92%
Europe Switzerland
92%
North America United States of America
92%
North America Costa Rica
83%
South America Peru
83%
Europe Serbia
83%
Asia South Korea
83%
Asia Thailand
83%
Asia United Arab Emirates
83%
South America Venezuela
83%
Asia Malaysia
75%
Asia Singapore
75%
Africa South Africa
75%
Europe Luxembourg
67%
South America Paraguay
67%
Europe New Zealand
58%
No matching quizzes found
Score Distribution
Percent of People with Each Score
Percentile by Number Answered
Your Score History
You have not taken this quiz